000 01473cam a22003135a 4500
001 L137441
008 070405s2007 xxk f 000 0 eng d
020 _a0421917601
_a9780421917606
035 _a(Sirsi) u137441
041 0 _aeng
050 0 4 _a346.41043 $2 18
100 1 _aSoloman, Gary
245 0 0 _aProperty transactions
_bplanning and environment
260 _aLondon
_bSweet and Maxwell
_c2006
300 _axxvi, 491p.
_c22cm.
350 _a79
490 0 _aSweet and Maxwell Practitioner Series
505 2 _aInitial considerations -- Planning and environmental information -- Drafting documentation -- Additional considerations -- Post-transactional issues -- Precedents and appendices
520 _aOffers practical guidance on residential and property transactions. Includes advice on share and asset purchases which include property. Arranged according to workflow chronology. Covers infrastructure agreements, contaminated land liabilities, environmental insurance, due diligence reports, risk management of potential liabilities, and public rights of way. Lists precedents. The law is stated at 31 August 2006. Legislation and case law.
590 _aKA
650 2 4 _aASBESTOS
650 2 4 _aCOMPULSORY PURCHASE
650 2 4 _aENVIRONMENTAL SEARCHES
650 2 4 _aPLANNING AND COMPULSORY PURCHASE ACT 2004
651 4 _aEngland and Wales
690 _aPlanning and development
_96259
700 1 _aMessent, Georgie
942 _n0
_2ddc
999 _c106785
_d106785